| 000 | 00488 a2200181 4500 | ||
|---|---|---|---|
| 005 | 20260202162030.0 | ||
| 008 | 260202b |||||||| |||| 00| 0 eng d | ||
| 020 |
_a9789369673920 _cRs. 4995.00 |
||
| 040 | _aMAIN | ||
| 082 |
_a150.287 _bA15P |
||
| 100 | _aAkansha Rani | ||
| 245 | _aPsychological testing: Principles and app | ||
| 260 |
_bScientific Books International _c2026 _aNew Delhi |
||
| 300 | _a270 | ||
| 650 | _aPsychology | ||
| 650 | _aPsychological Testing | ||
| 942 | _cBK | ||
| 999 |
_c394782 _d394782 |
||